Czech -and Central European- yearbook of arbitration
সংরক্ষণ করুন:
| প্রধান লেখক: | , , |
|---|---|
| বিন্যাস: | গ্রন্থ |
| ভাষা: | ইংরেজি |
| প্রকাশিত: |
Nueva York
JurisNet
2014
|
| সংস্করন: | 1a. ed |
| বিষয়গুলি: | |
| ট্যাগগুলো: |
ট্যাগ যুক্ত করুন
কোনো ট্যাগ নেই, প্রথমজন হিসাবে ট্যাগ করুন!
|
MARC
| LEADER | 00000cam a2200000 a 4500 | ||
|---|---|---|---|
| 001 | UCC7593 | ||
| 003 | CL-VaPUC | ||
| 008 | 190418e20140000us |||||||||||||||||eng|d | ||
| 020 | |a 9781937518394v.4 | ||
| 082 | 0 | 4 | |a 341.522 |b BEL |2 21 |
| 100 | 0 | |a Belohlavek, Alexander J |e author |9 602266 | |
| 700 | 0 | |a Rozehnalová, Nadezda |e author |9 602267 | |
| 700 | 0 | |a Cerny, Filip |e author |9 602268 | |
| 245 | 1 | 0 | |a Czech -and Central European- yearbook of arbitration |
| 250 | |a 1a. ed | ||
| 300 | |a v | ||
| 942 | |c BK | ||
| 945 | |d 20190418 12:46:00 |a dcastane | ||
| 260 | |a Nueva York |b JurisNet |c 2014 | ||
| 500 | |a v.4: independence and impartiality of arbitrators | ||
| 650 | 0 | |a Arbitraje internacional |9 367460 | |
| 650 | 0 | |a Solución de conflictos |9 266729 | |
| 651 | 7 | |a CHECOSLOVAQUIA |2 CL-VaPUC |9 602270 | |
| 583 | |a last modification |c 20190418 12:46:00 |k Rodrigo Vera | ||
| 999 | |c 374202 |d 374200 | ||
| 952 | |0 0 |1 0 |3 erd |4 0 |6 341_522000000000000_BEL_2014 |7 0 |8 A |9 492688 |a BIBDER |b BIBDER |h v.4 |i 5543789 |o 341.522 BEL 2014 |p 5543789 |r 2023-01-25 |w 2019-11-24 |y BK |z Catalogado en:20190418 |k DER | ||